000 00516nam a2200193Ia 4500
005 20250508150214.0
008 008 250505s9999 xx 000 0 eng d
037 _aTextual
040 _aFEDL
_beng
_cFEDL
041 _aeng
_2eng
084 _a372.215, BOY
_qFEDL
100 _aBoyce E R
245 0 _aPlay in the infants' school
250 _a2nd
260 _aLondon, UK
_bMethuen and Company Limited
_c1946
300 _a188p.
942 _cTEXL
_h372.215, BOY
999 _c1322380
_d1322380